Algebra lineal / (Registro nro. 7464)

Detalles MARC
000 -CABECERA
Campo de control interno 01923nam a2200277Ia 4500
008 - ELEMENTOS DE LONGITUD FIJA - INFORMACIÓN GENERAL
Campo de control de longitud fija 260220t1988||||xx |||||||||||||| ||spa||
020 ## - ISBN
ISBN 8436801741
040 ## - FUENTE DE CATALOGACIÓN
Agencia de catalogación original PY-SlUNAC
Idioma de catalogación spa
Convenciones de descripción rda
041 ## - CÓDIGO DE IDIOMA
Código de idioma para texto/pista de sonido o título separado spa
082 ## - NÚMERO DE CLASIFICACIÓN DECIMAL DEWEY
Clasificación Decimal Dewey (CDD) 512.5
Clasificación Expansiva de Cutter (EC) G985a
100 ## - ASIENTO PRINCIPAL - NOMBRE PERSONAL
Nombre personal Gutiérrez Gómez, Andrés
Rol del autor Autor
245 #0 - TÍTULO
Título Algebra lineal /
Mención de responsabilidad por Andrés Gutiérrez Gómez [Autor]
250 ## - MENCIÓN DE EDICIÓN
Mención de edición Segunda edición
264 ## - PIE DE IMPRENTA
Lugar Madrid :
Editorial Pirámide,
Año ℗1988.
300 ## - DESCRIPCIÓN FÍSICA
Páginas 261 páginas
490 ## - MENCIÓN DE LA SERIE
Serie/Colección
Volumen/Número secuencial volumen 1
520 ## - NOTA DE RESUMEN
Nota de resumen El libro "Álgebra Lineal" de Andrés Gutiérrez Gómez es una obra fundamental para la comprensión de los conceptos y técnicas del álgebra lineal, diseñada tanto para estudiantes como para profesionales del área. A lo largo de sus capítulos, el autor aborda temas esenciales como los sistemas de ecuaciones lineales, matrices, determinantes, espacios vectoriales y transformaciones lineales, presentando una exposición clara y didáctica que facilita el aprendizaje. Gutiérrez Gómez también incluye numerosos ejemplos y ejercicios prácticos que permiten al lector aplicar los conceptos teóricos en situaciones concretas. Además, el texto enfatiza la relevancia del álgebra lineal en diversas disciplinas, como la física, la ingeniería y la economía, destacando su papel en la resolución de problemas reales. La obra se caracteriza por su rigor matemático y su enfoque pedagógico, convirtiéndola en un recurso valioso para quienes buscan profundizar en esta rama de las matemáticas y desarrollar habilidades analíticas. Su publicación en 1988 ha contribuido a la formación de generaciones de estudiantes en el ámbito académico.
653 ## - MATERIA - TÉRMINO TEMÁTICO NO CONTROLADO (PALABRAS CLAVE)
Materia - término temático no controlado (palabras clave) Álgebra
653 ## - MATERIA - TÉRMINO TEMÁTICO NO CONTROLADO (PALABRAS CLAVE)
Materia - término temático no controlado (palabras clave) Educación matemática
653 ## - MATERIA - TÉRMINO TEMÁTICO NO CONTROLADO (PALABRAS CLAVE)
Materia - término temático no controlado (palabras clave) Matemáticas
942 ## - ELEMENTOS PERSONALIZADOS (KOHA)
Fecha catalogación 2026/02/17
Tipo de documento Libros
Existencias
Fuente de Clasificacion Colección Ubicacion permanente Biblioteca actual Fecha de Ingreso a la Biblioteca Origen de adquisición Enumeración en serie / cronología Código de ubicación Código de barras Tipo de Item KOHA Nota pública
Dewey Decimal Classification Colección General (CG) Biblioteca e Internet, Facultad de Ciencias Exactas y Naturales Biblioteca e Internet, Facultad de Ciencias Exactas y Naturales 02/20/2026 Donación V.1-2aEd. 512.5 G985a CG824 Libros Material disponible en la Biblioteca e Intenet, Campus UNA, San Lorenzo.